Clubs français (Ligue 1-Ligue 2-National) Saison 2019-2020 - Statistiques

Statistiques générales
  • Ce quiz a été pris 425 fois
  • Le résultat moyen est 42 sur 58
Statistiques - réponses
Ligue Club % Correct
Ligue 1 Paris Saint-Germain
99%
Ligue 1 Olympique de Marseille
98%
Ligue 1 Olympique Lyonnais
98%
Ligue 1 AS Monaco
96%
Ligue 1 LOSC Lille
96%
Ligue 1 Stade Rennais FC
96%
Ligue 1 FC Nantes
95%
Ligue 1 OGC Nice
95%
Ligue 1 Toulouse FC
95%
Ligue 1 AS Saint-Étienne
94%
Ligue 1 Girondins de Bordeaux
94%
Ligue 1 RC Strasbourg Alsace
93%
Ligue 1 Stade Brestois 29
92%
Ligue 1 FC Metz
91%
Ligue 1 Montpellier HSC
91%
Ligue 2 RC Lens
91%
Ligue 2 Paris FC
89%
Ligue 1 SCO d'Angers
88%
Ligue 1 Stade de Reims
87%
Ligue 2 AC Ajaccio
86%
Ligue 1 Amiens SC
86%
Ligue 1 Nîmes Olympique
86%
National GFC Ajaccio
85%
Ligue 1 Dijon FCO
84%
Ligue 2 FC Lorient
84%
Ligue 2 EA Guingamp
83%
Ligue 2 SM Caen
83%
Ligue 2 AS Nancy Lorraine
82%
National FC Bastia Borgo
80%
Ligue 2 Le Havre AC
80%
Ligue 2 AJ Auxerre
78%
National Lyon Duchère AS
78%
Ligue 2 Clermont Foot 63
77%
Ligue 2 ESTAC Troyes
76%
Ligue 2 FC Sochaux Montbéliard
74%
Ligue 2 US Orléans
74%
Ligue 2 Grenoble Foot 38
72%
Ligue 2 Le Mans FC
72%
Ligue 2 Valenciennes FC
71%
National Red Star FC
67%
National US Quevilly-Rouen
66%
National USL Dunkerque
62%
Ligue 2 LB Châteauroux
59%
National Pau FC
59%
Ligue 2 Rodez AF
56%
Ligue 2 Chamois Niortais FC
55%
National Stade Lavallois
55%
National SC Toulon
45%
Ligue 2 FC Chambly Oise
43%
National AS Béziers
42%
National Bourg en Bresse 01
41%
National US Créteil Lusitanos
40%
National US Concarneau
31%
National US Avranches
30%
National SO Cholet
25%
National FC Villefranche Beaujolais
22%
National Le Puy Foot
17%
National US Bologne CO
8%
Aucun quiz correspondant
Distribution des résultats
% des personnes avec chaque résultat
Percentile par nombre de réponses
Votre historique - résultats
Vous n’avez pas pris ce quiz